MAASAI MARA UNIVERSITY

LIBRARY CATALOGUE

Contact Us: +254 020 2685356/7 or 0774 057787

Box: 861-20500, NAROK, KENYA

Email: info@mmarau.ac.ke

Johnson Steve (Record no. 1191)

MARC details
000 -LEADER
fixed length control field 00460nam a2200145Ia 4500
008 - FIXED-LENGTH DATA ELEMENTS--GENERAL INFORMATION
fixed length control field 151015s9999 xx 000 0 und d
020 ## - INTERNATIONAL STANDARD BOOK NUMBER
International Standard Book Number 9.7801320589e+012
050 ## - LIBRARY OF CONGRESS CALL NUMBER
Classification number Hf5548.4.J6375 2007
245 ## - TITLE STATEMENT
Title Johnson Steve
250 ## - EDITION STATEMENT
Edition statement _Brilliant Microsoft Excel 2007 What you need to know and how to do it
300 ## - PHYSICAL DESCRIPTION
Extent England Pearson Education 2007
500 ## - GENERAL NOTE
General note Includes Index
650 ## - SUBJECT ADDED ENTRY--TOPICAL TERM
Topical term or geographic name as entry element _Microsoft Excel 2007
700 ## - ADDED ENTRY--PERSONAL NAME
Personal name ^d20110127 12:35:25^okilerai

No items available.

© 2016 Maasai Mara University.